000 00668nam a22002297a 4500
001 86773
003 UA-OsUOA
005 20211016103807.0
007 ta
008 20120911b un ||||| |||| 00| 0 ukr d
040 _aUA-OsUOA
_brus
_cUA-OsUOA
_dUA-OsUOA
041 _arus
080 _a82.09(470+571)
090 _a82.09(470+571)
_bШ95
100 _aШубин Б. М.
245 _aДополнение к портретам: Скорбный лист, или История болезни Александра Пушкина
260 _aМ.
_bЗнание
_c1989
300 _a256 с.
650 7 _a94 Історія
_2UDC
942 _cBK
_2udc
955 _a4
999 _c372945
_d372945